| 000 | 00524nam a22001697a 4500 | ||
|---|---|---|---|
| 999 |
_c25028 _d25028 |
||
| 003 | BDDh-ASL | ||
| 005 | 20231015030434.0 | ||
| 008 | 210619s1968 pk ||||| |||| 00| 0 eng d | ||
| 040 |
_aBDDh-ASL _cBDDh-ASL |
||
| 082 |
_a930.1 _bDAA |
||
| 100 |
_932 _aDani, Ahmad Hasan |
||
| 245 | 1 | 0 | _aArchaeological Foundation of History and Other Lectures / |
| 260 |
_aDacca: _bDacca Museum, _c1968. |
||
| 300 |
_a70 p. : _c22 cm. |
||
| 650 | 0 |
_aArchaeology, প্রত্নতত্ত্ব Pratnatattba _91567 |
|
| 942 |
_2ddc _cBK |
||